Внедрение резервной системы обеспечения азотом оборудования компрессорной станции; Трубопроводный транспорт углеводородов

Dettagli Bibliografici
Parent link:Трубопроводный транспорт углеводородов.— 2022.— [С. 87-91]
Autore principale: Синяков С. А. Сергей Александрович
Ente Autore: Национальный исследовательский Томский политехнический университет Инженерная школа природных ресурсов Отделение нефтегазового дела
Altri autori: Михайлин Ю. Ю. Юрий Юрьевич, Чухарева Н. В. Наталья Вячеславовна
Riassunto:Заглавие с экрана
Разработано техническое решение по внедрению резервной системы обеспечения азотом оборудования экспортной компрессорной станции. На основании проведенных исследований разработана проектная документация совместно со службой проектно-конструкторских работ ИТЦ ООО «Газпром трансгаз Томск», успешно проведены монтажные и пуско-наладочные работы. Предлагаемое решение позволяет значительно повысить надежность оборудования компрессорных станций и тем самым предотвратить вероятные финансовые убытки при срыве технологического процесса.
Lingua:russo
Pubblicazione: 2022
Soggetti:
Accesso online:https://elibrary.ru/item.asp?id=49882338
Natura: Elettronico Capitolo di libro
KOHA link:https://koha.lib.tpu.ru/cgi-bin/koha/opac-detail.pl?biblionumber=668872

MARC

LEADER 00000naa0a2200000 4500
001 668872
005 20250630142931.0
035 |a (RuTPU)RU\TPU\network\40109 
035 |a RU\TPU\network\35336 
090 |a 668872 
100 |a 20230130d2022 k y0rusy50 ca 
101 0 |a rus 
102 |a RU 
135 |a drgn ---uucaa 
181 0 |a i  
182 0 |a b 
200 1 |a Внедрение резервной системы обеспечения азотом оборудования компрессорной станции  |f С. А. Синяков, Ю. Ю. Михайлин, Н. В. Чухарева 
203 |a Текст  |c электронный 
300 |a Заглавие с экрана 
320 |a [Библиогр.: 3 назв.] 
330 |a Разработано техническое решение по внедрению резервной системы обеспечения азотом оборудования экспортной компрессорной станции. На основании проведенных исследований разработана проектная документация совместно со службой проектно-конструкторских работ ИТЦ ООО «Газпром трансгаз Томск», успешно проведены монтажные и пуско-наладочные работы. Предлагаемое решение позволяет значительно повысить надежность оборудования компрессорных станций и тем самым предотвратить вероятные финансовые убытки при срыве технологического процесса. 
463 |t Трубопроводный транспорт углеводородов  |o материалы V-ой Всероссийской научно-практической конференции, Омск, 28 Октября 2022  |v [С. 87-91]  |d 2022 
610 1 |a электронный ресурс 
610 1 |a труды учёных ТПУ 
610 1 |a компрессорные станции 
610 1 |a азот 
610 1 |a азотные установки 
610 1 |a эксплуатационная надежность 
700 1 |a Синяков  |b С. А.  |g Сергей Александрович 
701 1 |a Михайлин  |b Ю. Ю.  |g Юрий Юрьевич 
701 1 |a Чухарева  |b Н. В.  |c специалист в области нефтегазового дела  |c доцент Томского политехнического университета, кандидат химических наук  |f 1967-  |g Наталья Вячеславовна  |3 (RuTPU)RU\TPU\pers\26133  |9 11962 
712 0 2 |a Национальный исследовательский Томский политехнический университет  |b Инженерная школа природных ресурсов  |b Отделение нефтегазового дела  |3 (RuTPU)RU\TPU\col\23546 
801 2 |a RU  |b 63413507  |c 20230130  |g RCR 
850 |a 63413507 
856 4 |u https://elibrary.ru/item.asp?id=49882338  |z https://elibrary.ru/item.asp?id=49882338 
942 |c CF